00521cam a22002171 4500001001300000003000400013005001700017008004100034010001700075035002000092040001800112042001200130050001500142100002400157245002000181260001100201300003100212500001300243650003000256999001700286sa 67000703 DLC20260227112316.0900102s1962 ii a 000 0 urdr  asa 67000703  a(OCoLC)20837920 aDLCcWaUdDLC apremarc00aQB44b.H280 aHakim Ahmad,d1879-10aSair-i aflāk. c[1962] a214, 18 p.billus.c23 cm. aIn Urdu. 0aAstronomyxPopular works. c72154d72154